Statistics for Morse Code

Click here to take the quiz!

General Stats

  • This quiz has been taken 104 times
  • The average score is 20 of 26

Answer Stats

HintAnswer% Correct
.-A
95%
.E
89%
-.N
89%
-.-K
88%
... S
88%
-T
88%
_._.C
84%
. .I
84%
-...B
82%
.--.P
82%
.-.R
81%
._ _ _J
79%
--- O
79%
--M
75%
..-U
75%
.-..L
74%
--..Z
72%
-..D
70%
._ _W
67%
-.--Y
67%
-..-X
65%
--.G
63%
----H
63%
--.-Q
63%
..._V
61%
.._.F
60%

Score Distribution

Percentile by Number Answered

Percent of People with Each Score

Your Score History

You have not taken this quiz